000 00612nam a22001817a 4500
005 20251108165250.0
008 250721s1974 xx 000 0 ara d
082 1 4 _a956.405/عزي
100 1 _aالأحدب، عزيز
245 1 0 _aدمعة دايان :
_bحرب تشرين على جميع الجبهات /
264 1 _aبيروت :
_bالدار الشرقيه للطباعه و النشر،
_c1974.
300 _a573ص : مص : خرائط
650 1 7 _aفلسطين
650 1 7 _aإسرائيل
650 1 7 _aالحرب العربيه الإسرائيليه 1973
942 _2ddc
_cBK
999 _c23613
_d23613